Countries where Twice have been on tour - Statistics

General Stats
  • This quiz has been taken 35 times
  • The average score is 20 of 21
Answer Stats
Tour Country % Correct
Ready to BeThis Is For France
100%
Ready to BeThis Is For Germany
100%
Twicelights, Ready to Be Mexico
100%
Twiceland - The OpeningTwiceland Zone 2 Twicelights III Ready to Be This Is For South korea
100%
This is For Taiwan
100%
Ready to BeThis Is For United Kingdom
100%
TwicelightsIII Ready to Be This Is For United States
100%
Ready to BeThis Is For Canada
96%
This is For China (Macau, Hong Kong)
96%
Twiceland Zone 2Twicelights Ready to Be This Is For Japan
96%
This is For Spain
96%
Twiceland - The OpeningTwiceland Zone 2 Twicelights Ready to Be This Is For Thailand
96%
Ready to BeThis Is For Australia
92%
Ready to Be Brazil
92%
TwicelightsReady to Be This Is For Philippines
92%
Twiceland - The OpeningTwiceland Zone 2 Twicelights Ready to Be This Is For Singapore
92%
Twiceland Zone 2Ready to Be Indonesia
88%
This is For Italy
88%
This is For Portugal
84%
Twicelights This Is For Malaysia
72%
This is For Netherlands
72%
No matching quizzes found
Score Distribution
Percent of People with Each Score
Percentile by Number Answered
Your Score History
You have not taken this quiz